000
00316nam a22001337a 4500
008
170216b xxu||||| |||| 00| 0 eng d
020
_a
2901567932637
041
_a
eng
080
_2
3RD
_a
61
100
_a
4
101
_a
SHM
245
_a
UNDERSTANDING THE U.S HEALTH SERVICES SYSTEM
_c
BARTON, P.L
942
_2
udc
_c
BK
999
_c
5644
_d
5644